000 00767cam a2200241 a 4500
001 17134217
003 OSt
005 20160531094513.0
008 120125s2012 nyua b 001 0 eng
010 _a 2012931745
020 _a9781620810781 (hardcover)
040 _aSEKU
042 _apcc
050 0 0 _aRC 924.5
_bL8 2012
245 0 0 _aLupus :
_bsymptoms, treatment and potential complications /
_cThiago Devesa Marquez and Davi Urgeiro Neto, editors.
260 _aNew York :
_bNova Science Publishers,
_cc2012.
300 _axi, 219 p. :
_bill. ;
_c26 cm.
504 _aIncludes bibliographical references and index.
650 0 _aSystemic lupus erythematosus.
700 1 _aMarquez, Thiago Devesa.
700 1 _aNeto, Davi Urgeiro
942 _2lcc
_cGEN
999 _c14918
_d14918